000 00592aaa a2200193 a 4500
001 78631
003 BD-RjUL
005 20211209083144.0
008 211024s19621382le ||||| |||| 00| p ara d
035 _a(BD-RjUL)78857
040 _aBD-RjUL
_beng
_cBD-RjUL
041 _aeng
082 _223
_a892.71
_bNUD 1962
100 _a نواس ;; nuwas
_9249322
_d762-812
245 _aديوان ابى نواس.;; Dīwān Abī Nuwās /
260 _aدار صادر للطباعة والنشر، دار بيروت للطباعة والنشر,
650 _aArabic poetry
_9249323
942 _2ddc
_cBK
999 _c78631
_d78631